Score 0/170 Timer 01:00
1 Play Today
% Correct
Philip J. Fry
97.3%
Philip J. Fry
97.3%
Philip J. Fry
97.2%
Philip J. Fry
97.2%
Philip J. Fry
97.2%
Philip J. Fry
97.2%
Philip J. Fry
97.2%
Philip J. Fry
97.2%
Philip J. Fry
97.2%
Philip J. Fry
97.2%
Philip J. Fry
97.2%
Philip J. Fry
97.2%
Philip J. Fry
97.2%
Philip J. Fry
97.2%
Philip J. Fry
97.2%
Philip J. Fry
97.2%
Philip J. Fry
97.2%
Bender Rodriguez
97.2%
Bender Rodriguez
97.2%
Bender Rodriguez
97.1%
Bender Rodriguez
97.1%
Bender Rodriguez
97.1%
Bender Rodriguez
97.1%
Bender Rodriguez
97.1%
Bender Rodriguez
97.1%
Bender Rodriguez
97.1%
Bender Rodriguez
97.1%
Bender Rodriguez
97.1%
Bender Rodriguez
97.1%
Bender Rodriguez
97.1%
Bender Rodriguez
97.1%
Bender Rodriguez
97.1%
Bender Rodriguez
97.1%
Bender Rodriguez
97.1%
Turanga Leela
91.3%
Turanga Leela
91.3%
Turanga Leela
91.3%
Turanga Leela
91.3%
Turanga Leela
91.3%
Turanga Leela
91.3%
Turanga Leela
91.3%
Turanga Leela
91.3%
Turanga Leela
91.3%
Turanga Leela
91.3%
Turanga Leela
91.3%
Turanga Leela
91.3%
Turanga Leela
91.3%
Turanga Leela
91.3%
Turanga Leela
91.3%
Turanga Leela
91.3%
Turanga Leela
91.3%
Dr. John A. Zoidberg
86.4%
Dr. John A. Zoidberg
86.4%
Dr. John A. Zoidberg
86.4%
Dr. John A. Zoidberg
86.4%
Dr. John A. Zoidberg
86.4%
Dr. John A. Zoidberg
86.4%
% Correct
Dr. John A. Zoidberg
86.4%
Dr. John A. Zoidberg
86.4%
Dr. John A. Zoidberg
86.4%
Dr. John A. Zoidberg
86.4%
Dr. John A. Zoidberg
86.4%
Dr. John A. Zoidberg
86.4%
Dr. John A. Zoidberg
86.4%
Dr. John A. Zoidberg
86.4%
Dr. John A. Zoidberg
86.4%
Dr. John A. Zoidberg
86.4%
Dr. John A. Zoidberg
86.4%
Amy Wong
84.7%
Amy Wong
84.7%
Amy Wong
84.7%
Amy Wong
84.7%
Amy Wong
84.7%
Amy Wong
84.7%
Amy Wong
84.7%
Amy Wong
84.7%
Amy Wong
84.7%
Amy Wong
84.7%
Amy Wong
84.7%
Amy Wong
84.7%
Amy Wong
84.7%
Amy Wong
84.7%
Amy Wong
84.7%
Amy Wong
84.7%
Amy Wong
84.7%
Dr. Hubert J. Farnsworth
74.8%
Dr. Hubert J. Farnsworth
74.8%
Dr. Hubert J. Farnsworth
74.8%
Dr. Hubert J. Farnsworth
74.8%
Dr. Hubert J. Farnsworth
74.8%
Dr. Hubert J. Farnsworth
74.8%
Dr. Hubert J. Farnsworth
74.8%
Dr. Hubert J. Farnsworth
74.8%
Dr. Hubert J. Farnsworth
74.8%
Dr. Hubert J. Farnsworth
74.8%
Dr. Hubert J. Farnsworth
74.8%
Dr. Hubert J. Farnsworth
74.8%
Dr. Hubert J. Farnsworth
74.8%
Dr. Hubert J. Farnsworth
74.8%
Dr. Hubert J. Farnsworth
74.8%
Dr. Hubert J. Farnsworth
74.8%
Dr. Hubert J. Farnsworth
74.8%
Hermes Conrad
69.9%
Hermes Conrad
69.9%
Hermes Conrad
69.9%
Hermes Conrad
69.9%
Hermes Conrad
69.9%
Hermes Conrad
69.9%
Hermes Conrad
69.9%
Hermes Conrad
69.9%
Hermes Conrad
69.9%
Hermes Conrad
69.9%
Hermes Conrad
69.9%
Hermes Conrad
69.9%
% Correct
Hermes Conrad
69.8%
Hermes Conrad
69.8%
Hermes Conrad
69.8%
Hermes Conrad
69.8%
Hermes Conrad
69.8%
Zapp Brannigan
64.6%
Zapp Brannigan
64.6%
Zapp Brannigan
64.6%
Zapp Brannigan
64.6%
Zapp Brannigan
64.6%
Zapp Brannigan
64.6%
Zapp Brannigan
64.6%
Zapp Brannigan
64.6%
Zapp Brannigan
64.6%
Zapp Brannigan
64.6%
Zapp Brannigan
64.6%
Zapp Brannigan
64.6%
Zapp Brannigan
64.6%
Zapp Brannigan
64.6%
Zapp Brannigan
64.6%
Zapp Brannigan
64.6%
Zapp Brannigan
64.6%
Kif Kroker
64.2%
Kif Kroker
64.2%
Kif Kroker
64.2%
Kif Kroker
64.2%
Kif Kroker
64.2%
Kif Kroker
64.2%
Kif Kroker
64.2%
Kif Kroker
64.2%
Kif Kroker
64.2%
Kif Kroker
64.2%
Kif Kroker
64.2%
Kif Kroker
64.2%
Kif Kroker
64.2%
Kif Kroker
64.2%
Kif Kroker
64.2%
Kif Kroker
64.2%
Kif Kroker
64.2%
Scruffy Scruffington
51%
Scruffy Scruffington
51%
Scruffy Scruffington
51%
Scruffy Scruffington
51%
Scruffy Scruffington
51%
Scruffy Scruffington
51%
Scruffy Scruffington
51%
Scruffy Scruffington
51%
Scruffy Scruffington
51%
Scruffy Scruffington
51%
Scruffy Scruffington
51%
Scruffy Scruffington
51%
Scruffy Scruffington
51%
Scruffy Scruffington
51%
Scruffy Scruffington
51%
Scruffy Scruffington
51%
Scruffy Scruffington
51%
Remove Ads.
Support Sporcle.
Get the best of Sporcle when you Go Orange. This ad-free experience offers more features, more stats, and more fun while also helping to support Sporcle. Thank you for becoming a member.

You're not logged in!

Compare scores with friends on all Sporcle quizzes.
OR
Log In

Show Comments

Extras

Top Quizzes Today


Score Distribution

Your Account Isn't Verified!

In order to create a playlist on Sporcle, you need to verify the email address you used during registration. Go to your Sporcle Settings to finish the process.

Report this User

Report this user for behavior that violates our Community Guidelines.

Details: